00434nam a2200169Ia 4500003000400000005001700004008004100021020001500062040000700077041000800084082002000092100003700112245004600149260004400195300001200239365001300251OSt20230405091808.0210423s2009 xx 000 0 und d a818575392X cAL aeng a823.09 NAIM223 aNAIK (M K);NARAYAN (Shyamala A). aIndian english fiction: a critical study. aNew DelhibPencraft internationalc2009 a299bHB b695cINR